000 00351nam a2200145Ia 4500
008 230917s9999||||xx |||||||||||||| ||und||
040 _e195100
_aMAIN
041 _aEnglish
082 _a621 S15H
100 _aSadhu Singh
245 0 _aHandbook of mechanical engineering
260 _aNew Delhi
_bS Chand
_c2011
300 _a2080 p.
942 _cBK
999 _c157456
_d157456